Open Data Biblioteca Nacional de Portugal


República Portuguesa: Ministério da Cultura
Biblioteca Nacional de Portugal

Catálogo da BNP: acesso por Identificadores Unívocos
Registos Bibliográficos associados ao registo de autoridade

Etiqueta de registo: 00000nkm 2200025 450
001 2259198
003 http://id.bnportugal.gov.pt/bib/catbnp/2259198
100 ## $a20260202f1980 m y0pory01030103ba
101 0# $apor
102 ## $aPT
200 1# $aACAAL, Associação de Coros Amadores da Área de Lisboa, 3.º ECIJ, Encontro de Coros Infantis e Juvenis$bVisual gráfico]$fAssociação de Coros Amadores da Área de Lisboa
210 #9 $aLisboa$cAssociação de Coros Amadores da Área de Lisboa,$d[posterior a 1980]$e[S.l.] :$gArtíssimo )
215 ## $a1 cartaz$ccolor.$d30x20,5 cm
306 ## $aDatação atribuída em conformidade com as designações institucionais
317 ## $aColeção Madeira Luís
675 ## $a766(=1:469)"198"(084.5)$vBN$zpor$31302430
710 02 $aEncontro de Coros Infantis e Juvenis,$d3,$eLisboa$31994848
712 02 $aArtíssimo$31994849
712 02 $aAssociação de Coros Amadores da Área de Lisboa$31302023
801 #0 $aPT$bBN$gRPC
966 ## $lBN$mICONOG$sCT. 5853 P.$x3
971 ## $cCaticonografia6$d20260202
972 ## $d20260213$e2$vfpinelo$z0
995 ## $aPRR2026 $d20260202$iCaticonografia6

OpendataBNP@bnportugal.pt | Mais informação sobre acesso aos dados BNP